Statistiques concernant 15 mots d'espagnol #1

Cliquez ici pour prendre le quiz!

Statistiques générales

  • Ce quiz a été pris 100 fois
  • Le résultat moyen est 3 sur 15

Statistiques - réponses

FrançaisEspagnol% Correct
Une vacheUna vaca
71%
Un sorcier / Une sorcièreUn brujo / Una bruja
46%
Une cuillèreUna cuchara
39%
LancerLanzar
35%
CroiserCruzar
32%
Une raceUna raza
28%
Un tournoiUn torneo
28%
EncoreTodavia
22%
Noyer / Se noyerAhogar / Ahogarse
13%
Une chorale / Un choeurUn coro
10%
Une aiguilleUna aguja
7%
Un revenuUn ingreso
6%
Une queue de chevalUna coleta
4%
PareilParejo
3%
Un lézardUn lagarto
3%

Distribution des résultats

Percentile par nombre de réponses

% des personnes avec chaque résultat

Votre développement - résultats

Vous n’avez pas pris ce quiz